[Event "CHN-chW 2019"]
[Site "Xinghua"]
[Date "2019.05.18"]
[Round "7.7"]
[White "Zhu, Jiner"]
[Black "Guo, Qi"]
[Result "1-0"]
[WhiteElo "2439"]
[BlackElo "2361"]
[Annotator "TA"]
[PlyCount "100"]
[EventDate "2019.05.11"]
[EventType "tourn"]
[EventCountry "CHN"]
[SourceTitle "playchess.com"]
[Source "ChessBase"]
[SourceQuality "1"]

{[%evp 21,100,16,34,18,28,25,38,31,64,64,69,67,60,52,41,30,96,91,77,78,94,102,108,100,117,117,133,129,113,106,125,92,92,89,121,121,175,97,336,309,326,365,364,352,348,306,612,610,602,587,585,498,439,0,582,595,591,591,670,647,1066,1039,1257,1214,1392,1310,1642,1616,1557,1537,2126,2067,2526,2404,3222,2897,29984,29985,29987,29988,29991]} 1. e4 e5 2. Nf3 Nc6 3. Bb5 Nf6 4. O-O Nxe4 5. d4 Nd6 6. Bxc6 dxc6 7. dxe5 Nf5 8. Qxd8+ Kxd8 9. Rd1+ Ke8 10. Nc3 h6 11. h3 Ne7 12. Bf4 {C67: Ruy Lopez: Berlin Defence: 4 0-0 Nxe4} Be6 (12... Ng6 13. Bh2 Be7 14. Nd4 Nf8 15. a4 a5 16. Nce2 h5 17. e6 Nxe6 18. Nxe6 Bxe6 19. Bxc7 Bd8 {½-½ (40) Karjakin,S (2773)-Grischuk,A (2766) Saint Louis 2018}) 13. Nd4 Rd8 14. Bh2 $146 {White is slightly better.} ({Predecessor:} 14. Nxe6 fxe6 15. Ne4 Nd5 16. Bg3 Be7 17. c4 Nb6 18. Rxd8+ Kxd8 19. b3 Nd7 {½-½ (28) Zacharov,O (2186)-Launhardt,W (2133) LSS email 2012}) 14... Ng6 15. Nxe6 fxe6 16. Rxd8+ Kxd8 17. Rd1+ Kc8 18. Rd3 $36 {[%mdl 2048] White has the initiative.} Bb4 (18... Rg8 $11) 19. Rg3 $1 $16 {[%cal Rg3g6]} Bxc3 20. Rxg6 {[%mdl 4096] Endgame KRB-KRB} Rd8 {[%cal Rd8d1]} 21. Bg3 $1 Bxb2 22. Rxg7 Rd1+ 23. Kh2 Rd2 24. Rg6 Rxc2 25. Rxe6 Re2 26. Re7 ({Much worse is} 26. Rxh6 $6 Bxe5 27. Bxe5 Rxe5 $11) 26... Ba3 27. Rh7 b5 28. f4 $1 ({But not} 28. Rxh6 Kb7 $14) 28... Bb2 (28... c5 $16 {was necessary.}) 29. Re7 ({Don't do} 29. Rxh6 $6 c5 $14) (29. f5 $1 $18) 29... h5 $2 {[#]} (29... Ba3 $16 30. Rh7 c5) 30. e6 $1 $18 Bf6 {[#]} 31. Rf7 $1 {[%cal Rf7f6]} h4 32. Rxf6 hxg3+ 33. Kxg3 {Threatens to win with Rf8+. KR-KR} Kb7 $2 (33... c5 34. Kf3 Re1) 34. h4 c5 35. Kf3 Re1 36. Kf2 Re4 37. Kf3 Re1 38. Rf5 {aiming for Re5.} Rxe6 39. Rxc5 Kb6 40. Rc2 c5 41. g4 c4 42. g5 Kc5 43. f5 Re5 44. Kf4 Re1 45. g6 Rg1 46. h5 Kd4 47. h6 Rf1+ 48. Kg5 Ke4 49. h7 Rxf5+ 50. Kh6 Kd5 {Accuracy: White = 94%, Black = 31%.} 1-0

[Event "CHN-chW 2019"]
[Site "Xinghua"]
[Date "2019.05.18"]
[Round "7.8"]
[White "Ren, Xiaoyi"]
[Black "Shen, Yang"]
[Result "0-1"]
[WhiteElo "2261"]
[BlackElo "2449"]
[Annotator "TA"]
[PlyCount "112"]
[EventDate "2019.05.11"]
[EventType "tourn"]
[EventCountry "CHN"]
[SourceTitle "playchess.com"]
[Source "ChessBase"]
[SourceQuality "1"]

{[%evp 13,130,0,0,-50,-28,-67,-28,-49,-37,-63,-41,-58,-20,-22,-16,-7,0,0,0,0,12,0,12,5,76,34,47,9,30,30,31,38,31,45,58,0,35,36,54,31,30,35,32,0,0,0,0,-14,-16,-22,0,0,0,0,0,-13,-28,-20,-26,-24,-24,-60,-64,-67,-68,-68,-68,-70,-70,-70,-70,-70,-70,-211,-76,-102,-102,-102,-102,-103,-103,-101,-102,-172,-171,-171,-123,-120,-112,-172,-100,-100,-100,-100,-93,-93,-93,-93,-93,-103,-92,-92,-93,-93,-92,-92,-93,-103,-104,-289,-282,-466,-441,-584,-440,-4598,-2389,-6543,-6141]} 1. d4 d5 2. c4 c6 3. e3 Nf6 4. Nf3 Bf5 5. Qb3 Qb6 6. Nc3 e6 7. c5 Qc7 8. h3 {D12: Slav Defence: 3 Nf3 Nf6 4 e3 Bf5} (8. Nh4 Bg6 9. Nxg6 hxg6 10. Bd2 Nbd7 11. g3 e5 12. Bg2 Be7 13. O-O Kf8 14. Qc2 g5 15. b4 Kg8 16. Rae1 {0-1 (61) Petrosyan,M (2569)-Korobov,A (2664) Moscow 2018}) 8... h6 9. Be2 Be7 10. O-O {Black has an edge.} O-O 11. Bd2 Nbd7 12. Rfc1 $146 ({Predecessor:} 12. Rac1 Rfe8 13. Nh4 Bh7 14. f4 Ne4 15. Nxe4 Bxe4 {1-0 (48) Serrano Fuentes,M (2004)-Martin Morientes,J (1720) Spain 2008}) 12... Rfe8 13. Qd1 e5 14. b4 Bh7 15. b5 exd4 16. exd4 Ne4 17. Be3 Bf6 18. Nxe4 dxe4 (18... Bxe4 $11 19. Bd3 Rad8) 19. Nh2 Rad8 20. Ng4 Bg5 21. Qb3 Bf5 22. Bc4 Be6 23. a4 Nf8 {[%cal Bd7f8,Bf8e6,Be6f4][%mdl 32]} 24. Rd1 ({White should try} 24. b6 $14 axb6 25. cxb6) 24... Bxc4 (24... Bxg4 $5 25. hxg4 Bxe3 26. Qxe3 Nh7 $11) 25. Qxc4 Ne6 26. Bxg5 hxg5 27. Ne3 Nf4 28. Nf5 Rd5 29. Nd6 Re7 30. bxc6 (30. Re1 {feels hotter.} cxb5 31. Qxb5 Re6 32. Rad1 b6 33. Nxe4 Qd8 34. f3) 30... Qxc6 {White must now prevent ...Rxd6.} 31. Qb5 e3 32. Qxc6 bxc6 33. fxe3 Rxe3 {And now ...Re2 would win.} 34. Ra2 f6 35. a5 a6 36. Rb1 Re2 $36 {[%mdl 2048] Black is more active.} 37. Rb8+ Kh7 38. Rxe2 Nxe2+ $15 {[%mdl 4096] Endgame KRN-KRN} 39. Kf2 Nxd4 40. Ra8 Nb3 41. Rxa6 Rxc5 42. Nb7 Rc2+ 43. Kg3 {[#]} ({Better is} 43. Kf1 $15) 43... c5 (43... Nd4 $1 $19 {Strongly threatening ...f5.} 44. Nd6 f5) 44. Rb6 c4 45. a6 Ra2 {Hoping for ...Nd4.} 46. Rc6 Nd4 47. Rxc4 Nf5+ 48. Kf3 (48. Kh2 $17) 48... Rxa6 $19 49. Ke4 Kg6 50. g4 Nh4 51. Nd8 (51. Rc3 $17 {is a better defense.}) 51... Ng2 (51... Rd6 $19 52. Nc6 Re6+ 53. Kd4 Nf3+ 54. Kd5 Re3) 52. Nc6 $17 Kh7 53. Nd4 Ra3 54. Nf5 Nh4 55. Ne3 Ra1 56. Rc3 Ra4+ {Played: Ra1-e1} 0-1

[Event "CHN-chW 2019"]
[Site "Xinghua"]
[Date "2019.05.18"]
[Round "7.9"]
[White "Xiao, Yiyi"]
[Black "Huang, Qian"]
[Result "1/2-1/2"]
[WhiteElo "2290"]
[BlackElo "2440"]
[Annotator "RC"]
[PlyCount "126"]
[EventDate "2019.05.11"]
[EventType "tourn"]
[EventCountry "CHN"]
[SourceTitle "playchess.com"]
[Source "ChessBase"]
[SourceQuality "1"]
[TimeControl "5400+30"]

1. d4 {[%emt 0:00:00]} d5 {[%emt 0:02:20]} 2. c4 {[%emt 0:00:00]} c6 {[%emt 0:00:13]} 3. Nc3 {[%emt 0:00:28]} Nf6 {[%emt 0:00:17]} 4. e3 {[%emt 0:00:09]} e6 {[%emt 0:00:29]} 5. Nf3 {[%emt 0:00:11]} a6 {[%emt 0:00:08]} 6. Qc2 {[%emt 0:01:47]} c5 {[%emt 0:00:17]} 7. cxd5 {[%emt 0:01:41]} exd5 {[%emt 0:00:09]} 8. Be2 {[%emt 0:00:21]} Nc6 {[%emt 0:03:31]} 9. O-O {[%emt 0:00:27]} Be6 {[%emt 0:00:14]} 10. Rd1 {[%emt 0:06:46]} cxd4 {[%emt 0:00:19]} 11. Nxd4 {[%emt 0:00:15]} Nxd4 {[%emt 0:00:07]} 12. exd4 {[%emt 0:05:01]} Bd6 {[%emt 0:08:20]} 13. Bf3 {[%emt 0:08:00]} h6 {[%emt 0:03:33]} 14. Qb3 {[%emt 0:03:00]} Rb8 {[%emt 0:10:00]} 15. Ne2 {[%emt 0:15:42]} O-O {[%emt 0:10:27]} 16. Bf4 {[%emt 0:00:14]} Ne4 {[%emt 0:03:33]} 17. Bxe4 {[%emt 0:09:33]} dxe4 {[%emt 0:00:26]} 18. d5 {[%emt 0:00:25]} Bf5 {[%emt 0:09:20]} 19. Qg3 {[%emt 0:00:32]} Bxf4 {[%emt 0:00:06]} 20. Qxf4 {[%emt 0:00:11]} Bg6 {[%emt 0:00:19]} 21. Nc3 {[%emt 0:03:34]} Qg5 {[%emt 0:07:44]} 22. Qxg5 {[%emt 0:04:35]} hxg5 {[%emt 0:00:05]} 23. d6 {[%emt 0:02:19]} Rbd8 {[%emt 0:07:45]} 24. Nd5 {[%emt 0:12:02]} Kh7 {[%emt 0:00:17]} 25. Nb6 {[%emt 0:01:01]} f5 {[%emt 0:01:14]} 26. Rd4 {[%emt 0:02:20]} Rf6 {[%emt 0:13:07]} 27. Rad1 {[%emt 0:00:05]} Bh5 {[%emt 0:00:07]} 28. f3 {[%emt 0:04:42]} exf3 {[%emt 0:02:10]} 29. gxf3 {[%emt 0:00:04]} Bxf3 {[%emt 0:00:08]} 30. R1d2 {[%emt 0:00:04]} Re6 {[%emt 0:03:34]} 31. Na4 {[%emt 0:04:27]} Re5 {[%emt 0:03:13]} 32. b4 {[%emt 0:03:44]} Bc6 {[%emt 0:00:47]} 33. Nc5 {[%emt 0:00:10]} a5 {[%emt 0:01:49]} 34. Nd3 {[%emt 0:03:20]} Re6 {[%emt 0:02:48]} 35. Nc5 {[%emt 0:00:05]} Re5 {[%emt 0:03:58]} 36. Nd3 {[%emt 0:00:06]} Re4 {[%emt 0:02:10]} 37. Nc5 {[%emt 0:00:09]} Rxd4 {[%emt 0:01:43]} 38. Rxd4 {[%emt 0:00:01]} axb4 {[%emt 0:00:57]} 39. Ne6 {[%emt 0:03:44]} Re8 {[%emt 0:00:04]} 40. d7 {[%emt 0:04:28]} Bxd7 {[%emt 0:00:03]} 41. Nxg5+ {[%emt 0:00:04]} Kg6 {[%emt 0:00:05]} 42. Rxd7 {[%emt 0:00:03]} Kxg5 {[%emt 0:00:04]} 43. Rxg7+ {[%emt 0:00:04]} Kf4 {[%emt 0:00:04]} 44. Rxb7 {[%emt 0:00:16]} Kf3 {[%emt 0:00:10]} 45. Kf1 {[%emt 0:00:09]} Rc8 {[%emt 0:00:38]} 46. Ke1 {[%emt 0:00:08]} Rc1+ {[%emt 0:01:33]} 47. Kd2 {[%emt 0:00:01]} Ra1 {[%emt 0:00:04]} 48. h4 {[%emt 0:00:24]} Rxa2+ {[%emt 0:00:22]} 49. Kd3 {[%emt 0:00:34]} Ra3+ {[%emt 0:01:13]} 50. Kd4 {[%emt 0:00:40]} f4 {[%emt 0:01:53]} 51. h5 {[%emt 0:00:05]} Ra5 {[%emt 0:00:20]} 52. h6 {[%emt 0:01:34]} Rh5 {[%emt 0:00:04]} 53. h7 {[%emt 0:00:02]} Kg2 {[%emt 0:00:53]} 54. Ke4 {[%emt 0:02:31]} f3 {[%emt 0:00:14]} 55. Rg7+ {[%emt 0:00:03]} Kf2 {[%emt 0:00:03]} 56. Rf7 {[%emt 0:00:15]} Ke2 {[%emt 0:01:31]} 57. Rxf3 {[%emt 0:00:31]} Rh4+ {[%emt 0:00:05]} 58. Rf4 {[%emt 0:00:10]} Rxh7 {[%emt 0:00:02]} 59. Kd4 {[%emt 0:03:47]} Rb7 {[%emt 0:00:04]} 60. Rh4 {[%emt 0:00:24]} Kd1 {[%emt 0:00:58]} 61. Kc4 {[%emt 0:01:18]} Kc2 {[%emt 0:01:19]} 62. Rh2+ {[%emt 0:00:06]} Kc1 {[%emt 0:00:02]} 63. Kb3 {[%emt 0:00:06]} Rb8 {[%emt 0:01:58]} 1/2-1/2

[Event "CHN-chW 2019"]
[Site "Xinghua"]
[Date "2019.05.18"]
[Round "7.10"]
[White "Zhai, Mo"]
[Black "Zhang, Lanlin"]
[Result "1-0"]
[WhiteElo "2365"]
[BlackElo "2181"]
[Annotator "TA"]
[PlyCount "57"]
[EventDate "2019.05.11"]
[EventType "tourn"]
[EventCountry "CHN"]
[SourceTitle "playchess.com"]
[Source "ChessBase"]
[SourceQuality "1"]

{[%evp 9,57,25,22,29,21,25,29,0,0,-31,0,-27,0,7,0,20,71,0,95,69,107,-9,87,73,128,133,124,117,138,35,26,39,126,137,136,143,131,135,139,130,166,168,189,173,308,310,296,266,745,716]} 1. c4 e5 2. g3 g6 3. d4 exd4 4. Qxd4 Qf6 (4... Nf6 5. Nc3 Bg7 6. Qe3+ Qe7 7. Qxe7+ Kxe7 8. Bg5 c6 9. O-O-O d6 10. Ne4 Rd8 11. h4 h6 12. Nxf6 hxg5 13. hxg5 {½-½ (39) Navara,D (2710)-Short,N (2690) Caleta 2013}) 5. Qxf6 Nxf6 6. Nc3 {A20: English Opening: 1...e5} Bg7 7. Bg2 O-O 8. Bf4 $146 {White has an edge.} ({Predecessor:} 8. Nf3 Re8 9. e3 Na6 10. O-O d6 11. Nd4 Nc5 12. Rd1 {1-0 (56) Pigusov,E (2455)-Dvoirys,S (2445) Kharkov 1985}) 8... d6 9. h3 Nbd7 10. O-O-O a5 11. Nf3 Nc5 12. Nd4 Be6 (12... Bd7 $11) 13. b3 ({Better is} 13. Nxe6 $16 fxe6 14. Be3) 13... h6 (13... Bd7 $11 {remains equal.}) 14. Be3 Nfd7 15. f4 (15. Ncb5 $16) 15... Rab8 (15... Rae8 $11 {keeps the balance.}) 16. Ncb5 $16 {[%cal Bc3b5,Bb5c7,Bc7d5][%mdl 32]} a4 ({Black should play} 16... Bxd4 17. Bxd4 (17. Nxd4 Rfe8 $14) 17... Rfc8) 17. Nxe6 Nxe6 18. b4 $1 Nd8 19. c5 (19. Rhe1 $16) 19... Re8 $14 20. Rd3 dxc5 (20... Nc6 $14 21. cxd6 Nxb4 22. dxc7 Nxd3+ 23. Kd2 Nb4) 21. Nxc7 $16 Re7 {[#]} 22. Rhd1 $1 $36 {[%mdl 2048] White has strong initiative.} Nc6 23. Nd5 ({Much worse is} 23. Rxd7 $6 Rxe3 24. bxc5 Rxe2 $11) ({Much weaker is} 23. bxc5 $6 Nb4 $11) 23... Ree8 24. bxc5 {[%cal Bb4c5,Bc5b6][%mdl 32]} Rbc8 {[#]} 25. Kd2 $1 Na5 26. Rc1 b5 (26... Bb2 $142) 27. cxb6 $18 Nc4+ 28. Ke1 {And now b7 would win.} Nxe3 $2 (28... Ncxb6 29. Nc7 (29. Nxb6 Rxc1+ 30. Bxc1 Nxb6 $18) 29... Re7) 29. Rxc8 {Accuracy: White = 56%, Black = 13%.} 1-0

[Event "CHN-chW 2019"]
[Site "Xinghua"]
[Date "2019.05.18"]
[Round "7.11"]
[White "Chu, Ruotong"]
[Black "Ning, Kaiyu"]
[Result "1-0"]
[WhiteElo "2180"]
[BlackElo "2256"]
[Annotator "NA RC"]
[PlyCount "157"]
[EventDate "2019.05.11"]
[EventType "tourn"]
[EventCountry "CHN"]
[SourceTitle "playchess.com"]
[Source "ChessBase"]
[SourceQuality "1"]
[TimeControl "5400+30"]

{[%evp 14,149,-12,32767,32767,32767,32767,32767,32767,32767,32767,32767,32767,32767,32767,32767,32767,32767,32767,32767,32767,32767,32767,32767,32767,45,32767,32767,32767,32767,32767,32767,32767,18,35,32767,26,23,32767,43,67,87,72,60,32767,93,79,32767,32767,32767,32767,32767,104,32767,92,104,110,115,122,111,32767,108,147,121,134,160,167,180,164,180,162,185,155,32767,32767,210,169,160,227,177,164,32767,163,181,32767,32767,32767,32767,32767,32767,32767,32767,32767,322,305,319,356,32767,327,256,459,32767,32767,81,439,279,272,295,384,332,524,620,486,628,633,769,642,750,32767,819,855,1038,891,1884,830,32767,32767,32767,32767,32767,32767,32767,32767,32767,2497,29979,5077,29982]} 1. Nf3 {[%emt 0:00:00]} d5 {[%emt 0:00:00]} 2. c4 {[%emt 0:00:00]} d4 {[%emt 0:00:00]} 3. e3 {[%emt 0:03:15]} Nc6 {[%emt 0:00:08]} 4. exd4 {[%emt 0:02:26]} Nxd4 {[%emt 0:00:07]} 5. Nxd4 {[%emt 0:00:09]} Qxd4 {[%emt 0:00:04]} 6. Nc3 {[%emt 0:01:44]} c6 {[%emt 0:01:49]} 7. d3 {[%emt 0:00:22]} Nh6 {[%emt 0:08:59] A09: Réti Opening: 1 Nf3 d5 2 c4} 8. Be3 {[%emt 0:10:29]} Qd8 {[%emt 0:00:07]} 9. d4 {[%emt 0:02:12]} Nf5 {[%emt 0:00:46]} 10. Be2 {[%emt 0:03:09]} g6 {[%emt 0:01:39]} 11. Qd2 {[%emt 0:02:58]} Bg7 {[%emt 0:02:54]} 12. O-O-O {[%emt 0:08:00]} Qc7 $146 {[%emt 0:28:09]} ({Predecessor:} 12... O-O 13. h4 c5 14. dxc5 Qa5 15. h5 {0-1 (24) Dzhakaev,D (2478)-Navara,D (2722) Pardubice 2011}) 13. Bf4 {[%emt 0:07:23]} Qa5 {[%emt 0:02:18]} 14. Be5 {[%emt 0:00:40]} f6 {[%emt 0:08:16]} 15. Bf4 {[%emt 0:00:59]} O-O {[%emt 0:01:39]} 16. d5 {[%emt 0:03:02]} c5 {[%emt 0:19:18]} 17. Kb1 {[%emt 0:06:34]} Nd4 {[%emt 0:03:31]} 18. Bd3 {[%emt 0:01:19]} e5 {[%emt 0:04:35]} 19. dxe6 {[%emt 0:10:03]} Bxe6 {[%emt 0:01:32]} 20. Ne2 {[%emt 0:01:06]} Qxd2 {[%emt 0:05:39]} 21. Rxd2 {[%emt 0:00:12]} Rad8 {[%emt 0:00:46]} 22. Nxd4 {[%emt 0:01:39]} cxd4 {[%emt 0:00:42]} 23. Re1 {[%emt 0:02:41]} Kf7 {[%emt 0:00:46]} 24. Rde2 {[%emt 0:01:17]} Rfe8 {[%emt 0:00:17]} 25. h4 {[%emt 0:00:28]} Bd7 {[%emt 0:02:33]} 26. Rxe8 {[%emt 0:03:46]} Rxe8 {[%emt 0:00:01]} 27. Rxe8 {[%emt 0:02:26]} Kxe8 {[%emt 0:00:01]} 28. Be4 {[%emt 0:00:19]} Bc8 {[%emt 0:00:02]} 29. Kc2 {[%emt 0:00:09]} f5 {[%emt 0:02:12]} 30. Bd5 {[%emt 0:00:12]} d3+ {[%emt 0:01:44]} 31. Kc1 {[%emt 0:00:17]} Bf6 {[%emt 0:00:36]} 32. g3 {[%emt 0:00:11]} b6 {[%emt 0:00:22]} 33. b3 {[%emt 0:01:25]} Bc3 {[%emt 0:01:07]} 34. Bg2 {[%emt 0:00:30]} Ke7 {[%emt 0:00:55]} 35. Bd2 {[%emt 0:04:03]} Bd4 {[%emt 0:00:05]} 36. Be3 {[%emt 0:01:24]} Bc3 {[%emt 0:00:01]} 37. Bf1 {[%emt 0:00:23]} Ke6 {[%emt 0:00:33]} 38. Bxd3 {[%emt 0:00:13]} Bb7 {[%emt 0:00:06]} 39. a3 {[%emt 0:01:50]} Bc6 {[%emt 0:01:28]} 40. b4 {[%emt 0:02:19]} Bf6 {[%emt 0:00:01]} 41. b5 {[%emt 0:03:23]} Bb7 {[%emt 0:00:11]} 42. c5 {[%emt 0:00:23]} Be7 {[%emt 0:00:06]} 43. c6 {[%emt 0:00:50]} Bxa3+ {[%emt 0:00:13]} 44. Kc2 {[%emt 0:00:13]} Bc8 {[%emt 0:00:02]} 45. Bc4+ {[%emt 0:00:10]} Ke7 {[%emt 0:02:10]} 46. Bg5+ {[%emt 0:00:10]} Ke8 {[%emt 0:00:47]} 47. Kd3 {[%emt 0:01:23]} Bc5 {[%emt 0:00:35]} 48. Ke2 {[%emt 0:02:39]} Bf8 {[%emt 0:01:06]} 49. Bf4 {[%emt 0:00:41]} h6 {[%emt 0:00:44]} 50. Bb8 {[%emt 0:00:16]} Kd8 {[%emt 0:00:01]} 51. Bf4 {[%emt 0:01:49]} Ke7 {[%emt 0:00:03]} 52. Be5 {[%emt 0:00:19]} g5 {[%emt 0:00:25]} 53. Kd3 {[%emt 0:04:52]} Ke8 {[%emt 0:00:25]} 54. Bb8 {[%emt 0:00:47]} Kd8 {[%emt 0:00:30]} 55. Be5 $2 {[%emt 0:08:01]} ({Less strong is} 55. Bxa7 Kc7 $16) (55. h5 $18) 55... Ke8 $1 {[%emt 0:04:24]} 56. f3 {[%emt 0:00:00]} Bc5 $2 {[%emt 0:00:00]} (56... gxh4 {was called for.} 57. gxh4 h5) 57. Bg7 {[%emt 0:00:00]} f4 {[%emt 0:00:00] [#]} 58. Be5 $1 {[%emt 0:00:00]} Bf2 $2 {[%emt 0:00:00]} (58... fxg3 $16 {is tougher.} 59. Bxg3 Bf5+ 60. Kd2 Bb4+ 61. Ke2 Kd8) 59. g4 $2 {[%emt 0:00:00]} (59. hxg5 hxg5 60. gxf4 Bf5+ 61. Kc3 gxf4 62. Bxf4) 59... gxh4 {[%emt 0:00:00]} 60. Bxf4 {[%emt 0:00:00]} Bg1 {[%emt 0:00:00]} 61. Ke2 {[%emt 0:00:00]} Ke7 {[%emt 0:00:05]} (61... h5 $142 62. gxh5 h3) 62. Kf1 {[%emt 0:00:22]} Bd4 {[%emt 0:00:02]} 63. Kg2 {[%emt 0:00:29]} Bf6 {[%emt 0:01:40]} 64. Bxh6 {[%emt 0:00:32]} Kd6 {[%emt 0:00:07]} 65. Bd3 {[%emt 0:01:27]} Be6 {[%emt 0:00:26]} 66. Kh3 {[%emt 0:00:18]} Kc7 {[%emt 0:01:01]} 67. Bf4+ {[%emt 0:00:19]} Kc8 {[%emt 0:00:43]} 68. Bd6 {[%emt 0:00:09]} Kd8 {[%emt 0:00:48]} 69. f4 {[%emt 0:00:06]} Kc8 {[%emt 0:00:13]} 70. f5 {[%emt 0:00:14]} Bd5 {[%emt 0:00:26]} 71. Bf4 {[%emt 0:00:04]} a5 {[%emt 0:00:17]} 72. bxa6 {[%emt 0:00:12]} Bxc6 {[%emt 0:00:02]} 73. g5 {[%emt 0:00:07]} Bh8 {[%emt 0:00:54]} 74. f6 {[%emt 0:01:13]} Kd7 {[%emt 0:00:15]} 75. Be5 {[%emt 0:00:34]} Ke6 {[%emt 0:00:14]} 76. f7 {[%emt 0:00:05]} Kxf7 {[%emt 0:00:11]} 77. Bxh8 {[%emt 0:00:03]} b5 {[%emt 0:00:07]} 78. g6+ {[%emt 0:00:17]} Kg8 {[%emt 0:00:06]} 79. Bc3 {[%emt 0:00:13]} 1-0

[Event "CHN-chW 2019"]
[Site "Xinghua"]
[Date "2019.05.18"]
[Round "7.12"]
[White "Ni, Shiqun"]
[Black "Qiu, Mengjie"]
[Result "0-1"]
[WhiteElo "2439"]
[BlackElo "2219"]
[Annotator "TA"]
[PlyCount "128"]
[EventDate "2019.05.11"]
[EventType "tourn"]
[EventCountry "CHN"]
[SourceTitle "playchess.com"]
[Source "ChessBase"]
[SourceQuality "1"]

{[%evp 14,128,28,39,30,34,27,20,32,33,40,29,43,41,37,50,27,34,57,37,50,48,101,97,72,38,119,29,12,8,71,72,81,21,42,-40,35,43,31,0,103,51,95,18,10,27,120,16,26,0,0,0,0,0,0,-2,0,-5,-7,-22,0,-20,-19,-47,-6,-73,-70,-69,-65,-68,-69,-97,-102,-94,-90,-69,-25,-24,-12,-10,-15,-22,-22,-27,-8,-8,-8,-8,0,-8,-8,-8,-8,-8,-8,-8,-8,-8,-8,-8,-8,-8,-8,-8,-8,-12,0,0,0,-29975,-29976,-29976,-29977,-29976,-29976,-29974,-29975]} 1. e4 e5 2. Nf3 Nc6 3. Bc4 Nf6 4. Ng5 d5 5. exd5 Na5 6. Bb5+ c6 7. dxc6 bxc6 8. Bd3 Nd5 {C58: Two Knights: 4 Ng5 d5 5 exd5 Na5 sidelines} 9. Nf3 Bd6 10. O-O O-O {The position is equal.} 11. Re1 Re8 (11... f5 12. b4 Nxb4 13. Nxe5 Bxe5 14. Rxe5 Nxd3 15. cxd3 Qd4 16. Rxa5 Qxa1 {½-½ (31) Vovk,A (2616)-Demchenko,A (2661) Fagernes 2019}) 12. Nc3 f5 13. Bf1 e4 14. Nxd5 cxd5 15. Nd4 $1 Qh4 $146 {[%csl Gd6][%cal Rh4h2]} ({Predecessor:} 15... Qf6 16. c3 {1-0 (37) Solleveld,M (2502)-Van der Werf,M (2441) Netherlands 2012}) 16. g3 Qf6 $1 {[%cal Rf6d4]} 17. c3 $36 {[%mdl 2048] White has good play.} f4 {[#]} (17... Nc4 $14) 18. d3 $1 $16 Rf8 19. Qc2 e3 (19... Bb7 $14) 20. Bxe3 (20. Bg2 $16 Bb7 21. gxf4 Qxf4 22. Rxe3) 20... fxe3 $11 21. Rxe3 Bg4 (21... Bc5 $11) 22. Bg2 $16 {[%mdl 1024] White has strong compensation.} Kh8 23. h3 (23. Bxd5 $16 Rad8 24. Ne6) 23... Bd7 $11 24. Rae1 (24. Bxd5 $14 Rae8 25. Rf3) 24... Rac8 (24... Bc5 $1 $15 25. Bxd5 Rac8) 25. Ne6 $14 Rfe8 {[%cal Re8e6]} 26. Qe2 Bc6 (26... d4 $1 $11 27. Nxd4 Rxe3 28. Qxe3 Bc5) 27. b4 (27. Qg4 $16) 27... Nb7 {[%cal Ba5b7,Bb7d8,Bd8c6,Bc6e5][%mdl 32]} 28. Nd4 ({White should try} 28. d4 $16 {aiming for Qa6.} Bb8 29. b5) 28... Rxe3 $11 29. Qxe3 Bf8 (29... Nd8 $11) 30. Qf3 ({Better is} 30. Nxc6 $16 Qxc6 31. c4) 30... Nd8 31. Nxc6 Nxc6 32. Qxf6 gxf6 33. Bxd5 Ne5 34. d4 Nd3 35. Re6 Rxc3 36. b5 Kg7 37. a4 Nb4 38. Be4 Rc4 39. d5 (39. b6 $11 axb6 40. Rxb6) 39... Rd4 $17 40. a5 Bc5 41. d6 Bxd6 {And now ...Kf7 would win.} 42. b6 axb6 43. axb6 Kf7 44. Bf5 Nc6 45. b7 Nb8 46. Re2 h6 47. Kg2 Rb4 48. Be4 Nd7 {White must now prevent ...Nc5.} 49. Bd5+ Kf8 50. Re6 Rb6 51. h4 Bb8 52. Rxb6 Nxb6 53. Be4 Ke7 54. Kf3 Nc4 55. Kg4 Nd6 56. Bd5 Kf8 {next ...Kg7 is good for Black.} 57. Kh5 Kg7 {Black wants to play ...f5.} 58. g4 Nb5 59. Be4 Nd6 60. Bd5 f5 {Threatens to win with ...Ne8.} 61. gxf5 $2 {[%mdl 8192] [#]} (61. g5 $11) 61... Ne8 {[%cal Re8f6] Black mates.} 62. Kg4 Nf6+ 63. Kf3 Nxd5 64. Ke4 Ne7 {Accuracy: White = 44%, Black = 59%.} 0-1

[Event "CHN-chW 2019"]
[Site "Xinghua"]
[Date "2019.05.19"]
[Round "8.7"]
[White "Guo, Qi"]
[Black "Qiu, Mengjie"]
[Result "1-0"]
[WhiteElo "2361"]
[BlackElo "2219"]
[Annotator "TA"]
[PlyCount "102"]
[EventDate "2019.05.11"]
[EventType "tourn"]
[EventCountry "CHN"]
[SourceTitle "playchess.com"]
[Source "ChessBase"]
[SourceQuality "1"]

{[%evp 9,102,20,30,10,0,7,7,11,25,-8,12,12,72,53,107,35,76,57,61,63,63,55,106,0,0,-12,28,-20,0,-4,87,101,91,29,85,75,78,74,77,70,74,71,120,118,160,131,289,273,283,232,204,187,292,276,292,271,554,549,549,556,540,550,614,619,576,516,509,481,812,808,778,698,655,636,29975,29977,29969,29970,29970,29972,29972,29974,29972,29972,29977,29978,29978,29979,29979,29980,29980,29981,29981,29982,29978]} 1. c4 e6 2. d4 Nf6 3. Nf3 d5 4. Nc3 Bb4 5. cxd5 exd5 6. Bf4 {D38: Queen's Gambit Declined: Ragozin Defence (4 Nf3 Bb4)} Ne4 7. Rc1 Bxc3+ 8. bxc3 {The position is equal.} g5 9. Bd2 $146 ({Predecessor:} 9. Be3 f5 10. g3 Rf8 11. Qb3 f4 12. gxf4 gxf4 13. Bd2 Nc6 {0-1 (48) Sjugirov,S (2650)-Ni,H (2671) Riadh 2017}) 9... Nc6 10. g3 Qf6 (10... O-O $11) 11. Be3 $16 Qe7 (11... O-O $14) 12. Nd2 (12. Qb3 $16) 12... f5 13. Nxe4 Qxe4 14. Rg1 f4 $1 {[%cal Rf4e3]} 15. Bd2 Rf8 (15... Be6 $14) 16. e3 (16. Qb3 $16) 16... f3 $11 17. Qb3 Bd7 18. Qb1 Qxb1 19. Rxb1 Bf5 (19... O-O-O $11 {remains equal.}) 20. Rxb7 $16 Kd7 21. e4 ({White should try} 21. Rb5 $16 Ne7 22. Bc1) 21... dxe4 (21... Rfb8 $11 {keeps the balance.} 22. Rb3 Bxe4) 22. Bxg5 {And now Bf4 would win.} Rab8 23. Rxb8 $1 Rxb8 {[#]} 24. Kd2 $1 Rb2+ 25. Ke3 Rxa2 26. g4 Bg6 {[#]} 27. h4 $1 a5 $2 (27... Na5 $16) 28. h5 $18 Bf7 29. Kxe4 Rxf2 30. d5 Ne7 (30... Nd8 {is a better defense.} 31. Bb5+ Kc8 32. Ba6+ Kd7) 31. Bb5+ Kd6 32. c4 Rg2 $2 (32... Nxd5 33. cxd5 Bxd5+ 34. Ke3 Rb2) 33. Bf4+ Kc5 {[%cal Rf7d5] aiming for ...Bxd5+!} 34. Be3+ Kb4 35. Rb1+ Kc3 36. Kxf3 Nxd5 37. Kxg2 Nxe3+ {[%mdl 4096] Endgame KRB-KBN} 38. Kg3 Nc2 (38... Be6 $142 39. g5 Kd4) 39. Rf1 Be6 40. g5 Nd4 41. Rf6 Nxb5 42. cxb5 {KR-KB. White mates.} Bd5 43. g6 h6 44. g7 a4 45. Rxh6 a3 46. Ra6 Kb2 47. h6 Bg8 48. b6 cxb6 49. Rxb6+ Kc3 50. Ra6 Kb2 51. Kf4 a2 {Accuracy: White = 68%, Black = 36%.} 1-0